THE CARAKA SAMHITA OF AGNIVESA (Record no. 8452)

MARC details
000 -LEADER
fixed length control field 00302nam a22001337a 4500
003 - CONTROL NUMBER IDENTIFIER
control field SGT
082 ## - DEWEY DECIMAL CLASSIFICATION NUMBER
Classification number 615.53
Item number C12S
100 ## - MAIN ENTRY--PERSONAL NAME
Personal name SASTRPT. KASINATH
245 ## - TITLE STATEMENT
Title THE CARAKA SAMHITA OF AGNIVESA
260 ## - PUBLICATION, DISTRIBUTION, ETC. (IMPRINT)
Place of publication, distribution, etc VARANASI
Name of publisher, distributor, etc CHAUKHAMBHA PUB
Year of Publication 2012
300 ## - PAGE DESCRIPTION
No. of Pages 920
650 ## - SUBJECT ADDED ENTRY--TOPICAL TERM
Topical term or geographic name as entry element CHARAK SAMHITA
942 ## - ADDED ENTRY ELEMENTS (KOHA)
Source of classification or shelving scheme Dewey Decimal Classification
Koha item type Books

No items available.